| 000 | 01225cam a2200313Ia 4500 | ||
|---|---|---|---|
| 001 | 21759 | ||
| 003 | BD-RjUL | ||
| 005 | 20211209000726.0 | ||
| 008 | 140305s1969 enk s 000 0 eng d | ||
| 035 | _aBD-RjUL)21824 | ||
| 040 |
_aCaPaEBR _cCaPaEBR _beng _dBD-RjUL |
||
| 041 | _aeng | ||
| 082 | 0 | 4 |
_a824.8 _bCAC V-1 1969 |
| 100 | 1 |
_aCarlyle, Thomas, _d1795-1881. _963390 |
|
| 245 | 1 | 0 |
_aCritical and miscellaneous essays / _nVolume 1 / _cBy Thomas Carlyle. |
| 260 |
_aLondon : _bElectric Book Co., _c1969. |
||
| 300 |
_a524p. ; _c24cm. |
||
| 500 | _a"Collected and Republished (First Time 1839; Final 1869)." | ||
| 500 | _a"Transcribed from Volume I of Critical and Miscellaneous Essays By Thomas Carlyle, published by Chapman and Hall, London 1888." | ||
| 500 | _a"Originally published in the Ashburton Edition of Carlyle's Works, Volume XV of 17 volumes." | ||
| 600 | 1 | 0 |
_aCarlyle, Thomas, _d1795-1881. _963390 |
| 650 | 0 |
_aEnglish literature _y19th century. _967203 |
|
| 650 | 0 |
_aEssays. _967204 |
|
| 655 | 7 |
_aElectronic books. _2local _967207 |
|
| 856 | 4 | 0 |
_uhttp://www.columbia.edu/cgi-bin/cul/resolve?clio5380465 _zClick here for full text. |
| 942 |
_2ddc _cBK |
||
| 999 |
_c21759 _d21759 |
||